000 00771nam a2200229 a 4500
005 20240924071218.0
008 030523s1998 mx r 000 0 spa d
020 _a8420790451
035 _aUPN01000124551
049 _aI
050 4 _aPZ78
_bM8.28
100 1 _aMunari, Bruno,
_d1907-
245 1 0 _aCaperucita roja, verde, amarilla, azul y blanca /
_cBruno Munari, Enrica Agostinelli ; il. de los autores ; tr. de Teresa García Adame.
260 _aMadrid :
_bAnaya,
_c1998.
300 _a134 p.
440 0 _aSopa de libros ;
_v27
534 _pTraducción de:
_tCappuccetto rosso verde giallo blu e bianco
650 4 _aLibros y lectura para niños
_92290
650 4 _aLiteratura infantil
_94445
700 1 _aAgostinelli, Enrica,
_ecoaut.
905 _aInfantil
999 _c96730
_d96730